| 000 | 01493cam a22003491i 4500 | ||
|---|---|---|---|
| 003 | SA-RiAUC | ||
| 005 | 20250219083238.0 | ||
| 008 | 250218s2002 ua g 000 0dara c | ||
| 020 | _a977141724X | ||
| 040 |
_aSA-JeALM _bara _cSA-RiAUC _erda |
||
| 041 | 1 |
_aara _hund |
|
| 082 | 0 | 4 | _a242 |
| 090 |
_a242 _b د ا و |
||
| 100 | 1 |
_aداود، عبد الأحد، _d1867-1940 _eمؤلف. |
|
| 245 | 1 | 0 |
_aمحمد كما ورد في كتاب اليهود والنصارى / _cعبد الأحد داود ؛ ترجمة محمد فاروق الزين. |
| 250 | _aالطبعة الثانية. | ||
| 264 | 1 |
_aالقاهرة : _bنهضة مصر، _c1996 |
|
| 300 |
_a173 صفحة _c18 سم. |
||
| 336 |
_aنص _btxt _2rdacontent _3كتاب |
||
| 337 |
_aبدون وسيط _bn _2rdamedia |
||
| 338 |
_aمجلد _bnc _2rdacarrier |
||
| 600 | 0 | 7 |
_aمحمد (صلى الله عليه وسلم)، _d53 قبل هـ-11 هجري _xفي الإنجيل _2aucnm |
| 600 | 0 | 7 |
_aمحمد (صلى الله عليه وسلم)، _d53 قبل الهجرة-11 هجري _xفي التوراة _2aucnm |
| 630 | 2 | 7 |
_aالكتاب المقدس. _pالعهد الجديد _xتفاسير _2aucut |
| 650 | 7 |
_aالنبوات _2aucsh |
|
| 650 | 7 |
_aالإسلام واليهودية _2aucsh |
|
| 650 | 7 |
_aالإسلام والمسيحية _2aucsh |
|
| 700 | 1 |
_aالزين، محمد فاروق فارس _eمترجم. |
|
| 730 | 2 | 2 | _aالكتاب المقدس. |
| 942 |
_2ddc _cBOOK _n0 |
||
| 949 |
_aSA-JeALM _d250218 _uosman123 _n1 |
||
| 999 |
_c6095 _d6095 |
||